<?xml version="1.0" encoding="UTF-8"?><?xml-stylesheet type="text/xsl" href="static/style.xsl"?><OAI-PMH xmlns="http://www.openarchives.org/OAI/2.0/" xmlns:xsi="http://www.w3.org/2001/XMLSchema-instance" xsi:schemaLocation="http://www.openarchives.org/OAI/2.0/ http://www.openarchives.org/OAI/2.0/OAI-PMH.xsd"><responseDate>2026-04-13T15:32:28Z</responseDate><request verb="GetRecord" identifier="oai:www.recercat.cat:2117/386385" metadataPrefix="marc">https://recercat.cat/oai/request</request><GetRecord><record><header><identifier>oai:recercat.cat:2117/386385</identifier><datestamp>2025-07-23T02:25:45Z</datestamp><setSpec>com_2072_1033</setSpec><setSpec>col_2072_452951</setSpec></header><metadata><record xmlns="http://www.loc.gov/MARC21/slim" xmlns:dcterms="http://purl.org/dc/terms/" xmlns:xsi="http://www.w3.org/2001/XMLSchema-instance" xmlns:doc="http://www.lyncode.com/xoai" xsi:schemaLocation="http://www.loc.gov/MARC21/slim http://www.loc.gov/standards/marcxml/schema/MARC21slim.xsd">
   <leader>00925njm 22002777a 4500</leader>
   <datafield ind2=" " ind1=" " tag="042">
      <subfield code="a">dc</subfield>
   </datafield>
   <datafield ind2=" " ind1=" " tag="720">
      <subfield code="a">Nicolas Reyes, Carlos</subfield>
      <subfield code="e">author</subfield>
   </datafield>
   <datafield ind2=" " ind1=" " tag="260">
      <subfield code="c">2022-10-27</subfield>
   </datafield>
   <datafield ind2=" " ind1=" " tag="520">
      <subfield code="a">Phishing is the most common cyber security type of attack that threatens the integrity of all sorts of companies or individuals and is responsible for an incalculable amount of information leakage and economic loss. In this project, an exhaustive investigation has been done regarding the possibility of using machine learning algorithms to analyze email text, in order to generate models capable of recognizing particular senders or in the contrary, recognize possible impersonation. Moreover, a testing-phased tool has been developed in order to fulfill that purpose, allowing users to authenticate with their gmail account and generate the models that will be used over the desired emails so possible phishing is marked as dangerous in their inboxes.</subfield>
   </datafield>
   <datafield ind2=" " ind1=" " tag="520">
      <subfield code="a">El phishing es el tipo de ataque de ciberseguridad más común y amenaza la integridad de todo tipo de empresas o personas, siendo responsable de una cantidad incalculable de pérdidas en cuanto a información y pérdidas económicas. En este proyecto se ha investigado exhaustivamente la posibilidad de utilizar algoritmos de aprendizaje automático para analizar el texto de los correos electrónicos, con el fin de generar modelos capaces de reconocer remitentes concretos o, por el contrario, reconocer posibles suplantaciones de identidad. Además, para cumplir con ese propósito se ha desarrollado una herramienta en fase de prueba, que permite a los usuarios autenticarse con su cuenta de gmail y generar los modelos, que se utilizarán sobre los correos electrónicos deseados, para que el posible phishing sea marcado como peligroso en sus bandejas de entrada.</subfield>
   </datafield>
   <datafield tag="653" ind2=" " ind1=" ">
      <subfield code="a">Àrees temàtiques de la UPC::Informàtica::Seguretat informàtica</subfield>
   </datafield>
   <datafield tag="653" ind2=" " ind1=" ">
      <subfield code="a">Computer security</subfield>
   </datafield>
   <datafield tag="653" ind2=" " ind1=" ">
      <subfield code="a">Machine learning</subfield>
   </datafield>
   <datafield tag="653" ind2=" " ind1=" ">
      <subfield code="a">phishing</subfield>
   </datafield>
   <datafield tag="653" ind2=" " ind1=" ">
      <subfield code="a">spam</subfield>
   </datafield>
   <datafield tag="653" ind2=" " ind1=" ">
      <subfield code="a">machine learning</subfield>
   </datafield>
   <datafield tag="653" ind2=" " ind1=" ">
      <subfield code="a">detection</subfield>
   </datafield>
   <datafield tag="653" ind2=" " ind1=" ">
      <subfield code="a">cyber security</subfield>
   </datafield>
   <datafield tag="653" ind2=" " ind1=" ">
      <subfield code="a">phishing</subfield>
   </datafield>
   <datafield tag="653" ind2=" " ind1=" ">
      <subfield code="a">spam</subfield>
   </datafield>
   <datafield tag="653" ind2=" " ind1=" ">
      <subfield code="a">detección</subfield>
   </datafield>
   <datafield tag="653" ind2=" " ind1=" ">
      <subfield code="a">Seguretat informàtica</subfield>
   </datafield>
   <datafield tag="653" ind2=" " ind1=" ">
      <subfield code="a">Aprenentatge automàtic</subfield>
   </datafield>
   <datafield ind2="0" ind1="0" tag="245">
      <subfield code="a">Email spam detection using machine learning based text analysis</subfield>
   </datafield>
   <datafield ind2="0" ind1="0" tag="245">
      <subfield code="a">Detección de phishing con machine learning basado en el análisis de texto</subfield>
   </datafield>
</record></metadata></record></GetRecord></OAI-PMH>